Statistics for Guess the make-up rpduct in 1 minute Quiz

Click here to take the quiz!

General Stats

  • This quiz has been taken 82 times
  • The average score is 7 of 12

Answer Stats

Answer% Correct
blush
89%
eyeliner
88%
lipstick
88%
eyeshadow
84%
concealer
70%
highlighter
68%
mascara
55%
foundation
54%
powder
39%
contour
30%
sponge
30%
lip pencil
21%

Score Distribution

Percentile by Number Answered

Percent of People with Each Score

Your Score History

You have not taken this quiz